|
|
|
|
| LEADER |
00000nam0a2200000 4500 |
| 001 |
303800 |
| 005 |
20231102001635.0 |
| 035 |
|
|
|a (RuTPU)RU\TPU\book\329028
|
| 090 |
|
|
|a 303800
|
| 100 |
|
|
|a 20150904d1973 k y0rusy50 ca
|
| 101 |
0 |
|
|a rus
|
| 102 |
|
|
|a RU
|
| 105 |
|
|
|a a z 001zy
|
| 200 |
1 |
|
|a Электрокинетические преобразователи информации
|f М. С. Касимзаде, Р. Ф. Халилов, А. Н. Балашов
|
| 210 |
|
|
|a Москва
|c Энергия
|d 1973
|
| 215 |
|
|
|a 136 с.
|c ил.
|
| 320 |
|
|
|a Библиогр.: с. 127-134.
|
| 606 |
1 |
|
|a Преобразователи информации
|2 stltpush
|3 (RuTPU)RU\TPU\subj\51210
|9 69813
|
| 606 |
1 |
|
|a Преобразователи
|2 stltpush
|3 (RuTPU)RU\TPU\subj\51155
|9 69758
|
| 610 |
1 |
|
|a информация
|
| 610 |
1 |
|
|a электро-кинетические преобразователи
|
| 610 |
1 |
|
|a хемотронные приборы
|
| 610 |
1 |
|
|a динамические свойства
|
| 610 |
1 |
|
|a расчеты
|
| 675 |
|
|
|a 681.586
|v 3
|
| 675 |
|
|
|a 621.314
|v 3
|
| 700 |
|
1 |
|a Касимзаде
|b М. С.
|g Мурат Салман Оглы
|
| 701 |
|
1 |
|a Халилов
|b Р. Ф.
|g Рафик Фейзи
|
| 701 |
|
1 |
|a Балашов
|b А. Н.
|g Анатолий Николаевич
|
| 801 |
|
1 |
|a RU
|b 63413507
|c 20150904
|
| 801 |
|
2 |
|a RU
|b 63413507
|c 20201002
|g RCR
|
| 942 |
|
|
|c BK
|